MARC details
| 000 -CABECERA |
| campo de control de longitud fija |
00725nam a2200169 a 4500 |
| 001 - NÚMERO DE CONTROL |
| campo de control |
000007123 |
| 005 - FECHA Y HORA DE LA ÚLTIMA TRANSACCIÓN |
| campo de control |
20200929154055.0 |
| 008 - DATOS DE LONGITUD FIJA--INFORMACIÓN GENERAL |
| campo de control de longitud fija |
090904s2000 dr ac 000 0 spa d |
| 040 ## - FUENTE DE LA CATALOGACIÓN |
| Centro catalogador/agencia de origen |
DO-SdBNP |
| Lengua de catalogación |
spa |
| Centro/agencia transcriptor |
BNPHU |
| 082 ## - NÚMERO DE LA CLASIFICACIÓN DECIMAL DEWEY |
| Número de clasificación |
379.7293 |
| Número de documento/Ítem |
C749n |
| 111 2# - ENTRADA PRINCIPAL--NOMBRE DE CONGRESO/REUNIÓN |
| Nombre de congreso/reunión o jurisdicción como elemento de entrada |
Congreso nacional de educación cooperativa |
| Número del congreso/reunión o número de parte o sección |
1er. |
| Fecha del congreso/reunión |
2000 |
| Sede del congreso/Lugar de la reunión |
Santo Domingo, República Dominicana |
| 9 (RLIN) |
19765 |
| 245 10 - MENCIÓN DE TÍTULO |
| Título |
Hacia una educación cooperativa de calidad / |
| Mención de responsabilidad, etc. |
coordinación y edición Claudio Lugo Pérez. |
| 260 ## - PUBLICACIÓN, DISTRIBUCIÓN, ETC. |
| Lugar de publicación, distribución, etc. |
Santo Domingo : |
| Nombre del editor, distribuidor, etc. |
Escuela Nacional de Educación Cooperativista (ENECOOP), |
| Fecha de publicación, distribución, etc. |
2000. |
| 300 ## - DESCRIPCIÓN FÍSICA |
| Extensión |
149 p. : |
| Otras características físicas |
il. ; |
| Dimensiones |
21 cm. |
| 650 #4 - PUNTO DE ACCESO ADICIONAL DE MATERIA--TÉRMINO DE MATERIA |
| Término de materia o nombre geográfico como elemento de entrada |
Educación cooperativa |
| Subdivisión general |
Congresos, conferencias, etc. |
| 9 (RLIN) |
19766 |
| 700 1# - PUNTO DE ACCESO ADICIONAL--NOMBRE DE PERSONA |
| Nombre de persona |
Lugo Pérez, Claudio, |
| Término indicativo de función/relación |
coord. y ed. |
| 9 (RLIN) |
10211 |